National Association of Estate Agents (Record no. 120455)

MARC details
000 -LEADER
fixed length control field 00930cam a2200181 4500
001 - CONTROL NUMBER
control field L129773
008 - FIXED-LENGTH DATA ELEMENTS--GENERAL INFORMATION
fixed length control field 050518n2006 000 0 eng u
035 ## - SYSTEM CONTROL NUMBER
System control number (Sirsi) u129773
041 ## - LANGUAGE CODE
Language code of text/sound track or separate title eng
110 ## - MAIN ENTRY--CORPORATE NAME
Corporate name or jurisdiction name as entry element National Association of Estate Agents
9 (RLIN) 886
245 ## - TITLE STATEMENT
Title National Association of Estate Agents
260 ## - PUBLICATION, DISTRIBUTION, ETC.
Date of publication, distribution, etc. 2006
520 ## - SUMMARY, ETC.
Summary, etc. The National Association of Estate Agents (NAEA) is the largest professional estate agency organisation in the UK representing nearly 10 000 members. The NAEA website offers property search, renting and letting facilities, a find an agent service and a wide range of information and advice pages on property matters. Summarises the NAEA monthly housing market report as a news release.
590 ## - LOCAL NOTE (RLIN)
Local note IKA190505
690 ## - LOCAL SUBJECT ADDED ENTRY--TOPICAL TERM (OCLC, RLIN)
Topical term or geographic name as entry element PROPERTY-RESIDENTIAL PROPERTY-RESIDENTIAL PROPERTY MARKET
856 40 - ELECTRONIC LOCATION AND ACCESS
Uniform Resource Identifier <a href="https://www.naea.co.uk/">https://www.naea.co.uk/</a>
Public note View the website free of charge at www.naea.co.uk...
942 ## - ADDED ENTRY ELEMENTS (KOHA)
Suppress in OPAC 0
Holdings
Withdrawn status Lost status Source of classification or shelving scheme Damaged status Not for loan Home library Current library Shelving location Date acquired Total Checkouts Full call number Barcode Date last seen Copy number Price effective from Koha item type
    Dewey Decimal Classification     Virtual Virtual Online 18/05/2005   WEBSITE 129773-1001 06/08/2019 1 06/08/2019 Online material